000 00405 a2200133 4500
003 Nust
005 20170207155608.0
040 _cNust
082 _a799
245 _aAllied Officers YOs-45 Meet with Comdt Photograph 2013 (Soft Copy)
_cMCS
260 _aRawalpindi
_bMCS
_c18-06-2013
650 _aPictures of Allied Officers YOs-75 Meet with Comdt Photograph 2013 (CD-No-23,Vol-III)
651 _aSweet Memories - MCS
942 _cBK
999 _c201926
_d201926